<?xml version="1.0" encoding="UTF-8"?>
<collection xmlns="http://www.loc.gov/MARC21/slim">
 <record>
  <leader>00586cam a2200145 7i4500</leader>
  <controlfield tag="001">0000016008</controlfield>
  <controlfield tag="005">20160712090000.0</controlfield>
  <datafield tag="090" ind1="0" ind2="0">
   <subfield code="a">June 2016 (14) </subfield>
  </datafield>
  <datafield tag="100" ind1="1" ind2=" ">
   <subfield code="a">Teoh Wei Yong </subfield>
  </datafield>
  <datafield tag="245" ind1="0" ind2="0">
   <subfield code="a">Solar Tracking system with charge controller / by Teoh Wei Yong.</subfield>
  </datafield>
  <datafield tag="260" ind1=" " ind2=" ">
   <subfield code="a">INTI International College Penang Stage 3 B. Eng. Project.</subfield>
  </datafield>
  <datafield tag="300" ind1=" " ind2=" ">
   <subfield code="a">Binding books - Student Project.</subfield>
  </datafield>
  <datafield tag="500" ind1=" " ind2=" ">
   <subfield code="a">Project Supervisor : Mr. Bryan Chong Fook Lim</subfield>
  </datafield>
  <datafield tag="500" ind1=" " ind2=" ">
   <subfield code="a">Bachelor of Engineering (Hons) in Electrical &amp; Electronics Engineering in collaboration with University of Bradford UK</subfield>
  </datafield>
  <datafield tag="999" ind1=" " ind2=" ">
   <subfield code="a">6000000616</subfield>
   <subfield code="b">Book</subfield>
   <subfield code="c">Red Spot</subfield>
  </datafield>
 </record>
</collection>
